| 000 | 00516nam a2200217Ia 4500 | ||
|---|---|---|---|
| 003 | 0100 | ||
| 008 | 130303s9999 xx 000 0 und d | ||
| 020 | _a0849905826 | ||
| 040 | _cARRUPELIB | ||
| 050 | _aBV4461.H37 1987 | ||
| 100 | _aHart, Archibald D | ||
| 245 | _aCounseling the depressed | ||
| 245 | _bresources for christian counseling | ||
| 260 | _aTexas | ||
| 260 | _bWord books | ||
| 260 | _C1987 | ||
| 300 | _a275p. 23cm | ||
| 650 | _aCOUNSELING | ||
| 650 | _bMaasai (African people) | ||
| 942 | 0 | 0 | _03 |
| 999 |
_c9617 _d9617 |
||